| 000 | 00618aam a2200229 4500 | ||
|---|---|---|---|
| 005 | 20230927181129.0 | ||
| 008 | 150320b2009 xxu||||| |||| 00| 0 spa d | ||
| 020 | _a9789977662169 | ||
| 041 | _aESP | ||
| 082 | _a510.711 R934e | ||
| 100 |
_aRuíz Zúñiga, Ángel _919735 |
||
| 245 | _aEncrucijada en la enseñanza de la matemática: la formación de educadores | ||
| 260 | _aCosta Rica | ||
| 260 | _bTecnológica de Costa Rica | ||
| 260 | _c2009 | ||
| 300 | _a254 páginas | ||
| 650 | _aMATEMÁTICA | ||
| 650 | _aENSEÑANZA | ||
| 650 |
_aFORMACIÓN DOCENTE _928560 |
||
| 650 | _aAPRENDIZAJE | ||
| 942 | _cBK | ||
| 999 |
_c3342 _d3342 |
||